00655nam a2200193 a 450000500170000001000170001702000260003403500170006003700080007708200060008510000120009124500780010326000370018127000580021830000280027650000510030452000860035570000200044120100924145259.0 aB-417113-128 c200.00a9780143066712 aB-417113-128 bUBH aN aSankar  aThe middleman /cby Sankar; translated from the Bengali by Arunava Sinha  aNew Delhi bPenguin Books c2009 aPooja Apartments 4B, Anasri Road, bNew Delhie110002 axvi, 440p. c20 cm(Hb)  aIncludes bibliographical references and index  aSelection of short stories by 20th century Hindi authors translated into English. aSinha, Arunava